[Event "SVK-chT 9798"]
[Site "SVK"]
[Date "1998.??.??"]
[Round "6"]
[White "Kalisky, Vladimir"]
[Black "Frindt, Kornel"]
[Result "1-0"]
[WhiteElo "2245"]
[BlackElo "2170"]

1.e4 c5 2.Nf3 d6 3.d4 cxd4 4.Nxd4 Nf6 5.Nc3 a6 6.Be3 e5 7.Nb3 Be6 8.Qd2 Be7
9.f3 Nbd7 10.O-O-O b5 11.g4 b4 12.Nd5 Bxd5 13.exd5 a5 14.Kb1 O-O 15.g5 Nh5
16.Rg1 f5 17.gxf6 Bxf6 18.Bd3 Qc7 19.Qg2 e4 20.Bxe4 Bxb2 21.Kxb2 Qc3+ 22.Kb1 Qxe3
23.Bxh7+ Kxh7 24.Qg6+ Kg8 25.Qxh5 Ne5 26.Nd4 Ra7 27.Rge1 Qc3 28.Rxe5 dxe5
29.Nb5 Qe3 30.Nxa7 Qe2 31.Rf1 e4 32.Nc6 Rxf3 33.Ne7+ Kf8 34.Ng6+ Kg8 35.Qh8+ Kf7
36.Ne5+ Kf6 37.Nxf3 exf3 38.Qf8+ Kg6 39.Rg1+  1-0

[Event "Szeged TT08 IM"]
[Site "Szeged"]
[Date "1998.??.??"]
[Round "1"]
[White "Arnold, Lothar"]
[Black "Suvrajit, Saha"]
[Result "1-0"]
[WhiteElo "2340"]
[BlackElo "2345"]

1.e4 c5 2.Nf3 d6 3.d4 cxd4 4.Nxd4 Nf6 5.Nc3 a6 6.Be3 e5 7.Nb3 Be6 8.f3 b5
9.Qd2 Nbd7 10.a4 b4 11.Nd5 Bxd5 12.exd5 Nb6 13.Bxb6 Qxb6 14.a5 Qb7 15.Bc4 Be7
16.Ra4 Rb8 17.Nc1 e4 18.Na2 exf3 19.gxf3 Bd8 20.Nxb4 Bxa5 21.Rxa5 Qxb4 22.Qxb4 Rxb4
23.b3 Rb6 24.Kd2 O-O 25.Rha1 Ra8 26.Kc3 Kf8 27.Kd4 Nd7 28.Rxa6 Rbxa6 29.Rxa6 Rxa6
30.Bxa6 Ke7 31.f4 Nf6 32.Be2 Kd7 33.b4 Kc7 34.c4 Nd7 35.c5 f5 36.Kc4 Nf6
37.Bf3 Ne8 38.Kb5 Kb7 39.Ka5 Nf6 40.c6+ Ka7 41.b5 Ng4 42.b6+ Kb8 43.Bxg4 fxg4
44.Ka6  1-0

[Event "EST-chT"]
[Site "Tallinn"]
[Date "1998.??.??"]
[Round "9"]
[White "Rytshagov, Mikhail"]
[Black "Shishkov, Andrei"]
[Result "1-0"]
[WhiteElo "2550"]
[BlackElo "2270"]

1.e4 c5 2.Nf3 d6 3.d4 cxd4 4.Nxd4 Nf6 5.Nc3 a6 6.Be3 e6 7.g4 e5 8.Nf5 g6
9.g5 gxf5 10.exf5 d5 11.gxf6 d4 12.Bc4 Qxf6 13.Nd5 Qc6 14.Bxd4 Bb4+ 15.c3 Qxc4
16.Be3 Ba5 17.Nf6+ Ke7 18.Bg5 Qc6 19.Qb3 Rd8 20.Nd5+ Ke8 21.O-O-O Rd6 22.Qa3 Bd8
23.Bxd8 Kxd8 24.Nb6 Rxd1+ 25.Rxd1+ Ke8  1-0

[Event "ROM-chT"]
[Site "Timisu de Sus"]
[Date "1998.??.??"]
[Round "1"]
[White "Parligras, Mircea"]
[Black "Burnoiu, Costel"]
[Result "1-0"]
[WhiteElo "2375"]
[BlackElo "2230"]

1.e4 c5 2.Nf3 d6 3.d4 cxd4 4.Nxd4 Nf6 5.Nc3 a6 6.Be3 e5 7.Nb3 Be6 8.f4 Ng4
9.Bd2 exf4 10.Bxf4 Nc6 11.Qd2 Rc8 12.O-O-O Be7 13.h3 Nge5 14.Kb1 O-O 15.Be2 Re8
16.Nd5 Bf8 17.Bg5 f6 18.Be3 b5 19.Rhe1 Kh8 20.g4 Bf7 21.Nd4 Bg6 22.Nf5 Bf7
23.Rf1 Bxd5 24.exd5 Na5 25.b3 Nb7 26.Bd4 Nc5 27.Ng3 Ng6 28.Bd3 Ne7 29.Qg2 b4
30.Nh5 Nxd3 31.Rxd3 Qa5 32.Bb2 Rc5 33.g5 f5 34.Re1 Qc7 35.Nf4 Rc8 36.Rd2 Qb7
37.Bd4 Ra5 38.Re6 Qc7 39.Rde2 Rb5 40.h4 a5 41.h5 Kg8 42.h6 g6 43.Bg7 Re8
44.Bxf8 Kxf8 45.Qf2 Rbb8 46.Qd4 Ng8 47.Rxe8+ Rxe8 48.Ne6+ Rxe6 49.Rxe6 Qd7
50.Qh8 Qa7 51.Rf6+  1-0

[Event "ROM-chT"]
[Site "Timisu de Sus"]
[Date "1998.??.??"]
[Round "2"]
[White "Nevednichy, Vladislav"]
[Black "Kocsis, Levente"]
[Result "1-0"]
[WhiteElo "2545"]
[BlackElo "2390"]

1.e4 c5 2.Nf3 d6 3.d4 Nf6 4.Nc3 cxd4 5.Nxd4 a6 6.Be3 e6 7.Be2 Qc7 8.g4 b5
9.g5 Nfd7 10.a3 Nc6 11.Nxc6 Qxc6 12.Qd4 Qc5 13.Qd2 Qc7 14.h4 Bb7 15.O-O-O Ne5
16.f4 Nc4 17.Bxc4 Qxc4 18.f5 Bxe4 19.Nxe4 Qxe4 20.fxe6 fxe6 21.Rhe1 Qc6 22.Bf4 e5
23.Bxe5 dxe5 24.Rxe5+ Be7 25.Qd4 Qc7 26.Rde1 Ra7 27.Rxe7+ Qxe7 28.Rxe7+ Rxe7
29.Qd5 Rf8 30.b3 Rf4 31.Qg8+ Kd7 32.Qxh7 Kc7 33.Qd3 Rfe4 34.h5 R4e6 35.Qd4 Kc6
36.a4 bxa4 37.Qxa4+ Kb7 38.Kb2 Rc7 39.Qf4 Ree7 40.c4 Rc6 41.Ka3 Ka7 42.Ka4 Rb6
43.Qd4 Rb7 44.Ka5  1-0

[Event "ROM-chT"]
[Site "Timisu de Sus"]
[Date "1998.??.??"]
[Round "4"]
[White "Parligras, Mircea"]
[Black "Istrate, Bogdan"]
[Result "1-0"]
[WhiteElo "2375"]
[BlackElo "2350"]

1.e4 c5 2.Nf3 d6 3.d4 Nf6 4.Nc3 cxd4 5.Nxd4 a6 6.Be3 e6 7.g4 h6 8.f4 e5 9.Nf5 h5
10.Nd5 Nxd5 11.Qxd5 Nc6 12.O-O-O Be6 13.Nxd6+ Bxd6 14.Qxd6 Qxd6 15.Rxd6 exf4
16.Bxf4 hxg4 17.Be2 Rc8 18.a3 O-O 19.Rg1 Rfe8 20.Bd2 Ne5 21.Bc3 f6 22.Bxe5 fxe5
23.Bxg4 Bxg4 24.Rxg4 Rf8 25.Rd7 Rf7 26.Rxf7 Kxf7 27.Kd2 Rh8 28.h4 Kf6 29.a4 g6
30.c3 Rh7 31.a5 Rh8 32.b4 Rh7 33.Kc2 Rh8 34.Kb3 Rh7 35.c4 Rd7 36.b5 axb5
37.cxb5 Rd4 38.b6 Rd3+ 39.Kc4 Rd4+ 40.Kc5 Ra4 41.Kd6 Rxa5 42.Kc7 Ra4 43.Kxb7 Ra1
44.Kb8 Rb1 45.b7 Rb4 46.Kc7 Rc4+ 47.Kb6 Rb4+ 48.Kc6 Rc4+ 49.Kb5 Rc1 50.Rg3 Rb1+
51.Kc6 Rc1+ 52.Kd7 Rd1+ 53.Kc8 Rc1+ 54.Kb8 Rh1 55.Rb3  1-0

[Event "Trinec op9798"]
[Site "Trinec"]
[Date "1998.??.??"]
[Round "?"]
[White "Ptacnikova, Lenka"]
[Black "Shtyrenkov, Veniamen"]
[Result "0-1"]
[WhiteElo "2295"]
[BlackElo "2460"]

1.e4 c5 2.Nf3 d6 3.d4 cxd4 4.Nxd4 Nf6 5.Nc3 a6 6.Be3 Ng4 7.Bc1 Nf6 8.Be3 e5
9.Nb3 Be6 10.Qd2 Nbd7 11.f3 b5 12.O-O-O Be7 13.g4 Nb6 14.Bxb6 Qxb6 15.Kb1 O-O
16.h4 b4 17.Nd5 Bxd5 18.exd5 a5 19.Nc1 a4 20.g5 Nh5 21.b3 e4 22.Bh3 exf3
23.Rhe1 Bd8 24.Qh2 g6 25.Bg4 Ng7 26.Rf1 f5 27.Bxf3 Ra7 28.Qf4 Be7 29.Rfe1 Rb8
30.Re3 Bf8 31.Rde1 Qa5 32.R3e2 Rc8 33.h5 gxh5 34.Rh1 Rac7 35.Rg2 axb3 36.cxb3 Rc3
37.Rd2 Qc5 38.Ne2 Qe3 39.Qxe3 Rxe3 40.Bxh5 Nxh5 41.Rxh5 Bg7 42.Rh4 Be5 43.Rh1 Re4
44.Nc1 f4 45.Rdh2 f3 46.Rh3 Rc3 47.Rf1 Ree3 48.Rh4 Bg3 49.Rhh1 f2  0-1

[Event "POL-ch U20"]
[Site "Trzebinia"]
[Date "1998.??.??"]
[Round "3"]
[White "Antoniewski, Rafal"]
[Black "Szelag, Marcin"]
[Result "1/2-1/2"]
[WhiteElo "2435"]
[BlackElo "2350"]

1.e4 c5 2.Nf3 d6 3.d4 cxd4 4.Nxd4 Nf6 5.Nc3 a6 6.Be3 e5 7.Nb3 Be6 8.f3 Nc6
9.Qd2 d5 10.exd5 Nxd5 11.Nxd5 Qxd5 12.Qxd5 Bxd5 13.O-O-O O-O-O 14.Bb6 Rd6
15.Bd3 g6 16.Bc5 Rd8 17.Bb6 Rd6 18.Bc5 Rd8 19.Bb6  1/2-1/2

[Event "JUG Cup"]
[Site "Ulcinj"]
[Date "1998.??.??"]
[Round "4"]
[White "Pikula, Dejan"]
[Black "Ilincic, Zlatko"]
[Result "1/2-1/2"]
[WhiteElo "2440"]
[BlackElo "2565"]

1.e4 c5 2.Nf3 d6 3.d4 cxd4 4.Nxd4 Nf6 5.Nc3 a6 6.Be3 e6 7.f4 Qc7 8.Qf3 Nbd7
9.Bd3 b5 10.g4 b4 11.Nce2 Nc5 12.Ng3 Bb7 13.g5 Nfd7 14.O-O g6 15.Qe2 Bg7
16.f5 Be5 17.Qg4 h5 18.Qh4 gxf5 19.exf5 O-O-O 20.fxe6 fxe6 21.Rf7 Rhf8 22.Rxf8 Rxf8
23.Rf1 Nxd3 24.cxd3 Rxf1+ 25.Nxf1 Bxd4 26.Bxd4 Qc2 27.Qh3 e5 28.Bf2 Qc6 29.Be3 Kc7
30.Qg3 Qd5 31.Nd2 h4 32.Qh3 Nf8 33.Kf2 Qf7+ 34.Ke1 Ng6 35.Qg4 e4 36.dxe4 Qxa2
37.Bd4 Bc8 38.Qf3 Qe6 39.Qf2 Qe8 40.Ba7 Ne5 41.Qb6+ Kd7 42.Bb8 Qe6 43.Qc7+ Ke8
44.Qxd6 Qxd6 45.Bxd6 Nd3+ 46.Ke2 Nxb2 47.Bxb4 Kf7 48.Bc3 Bg4+ 49.Ke3 Nd1+
50.Kf4 Nxc3 51.Kxg4 a5 52.e5 a4 53.Kxh4 a3 54.Kh5 a2 55.Nb3 Nd5 56.h4 Ne7
57.Na1 Nc6 58.Kh6 Nxe5 59.Kh7 Ng6 60.h5 Nf8+  1/2-1/2

[Event "Val Thorens op"]
[Site "Val Thorens"]
[Date "1998.??.??"]
[Round "?"]
[White "Pikulinski, Andrzej"]
[Black "Georgiev, Krum"]
[Result "0-1"]
[WhiteElo "2220"]
[BlackElo "2525"]

1.e4 c5 2.Nf3 d6 3.d4 cxd4 4.Nxd4 Nf6 5.Nc3 a6 6.Be3 e6 7.Be2 Qc7 8.Qd2 b5
9.f3 Bb7 10.O-O Nbd7 11.Kh1 Be7 12.a4 b4 13.Na2 d5 14.Bf4 e5 15.Bg3 g6 16.Nb3 dxe4
17.Nxb4 O-O 18.Na2 Rac8 19.Rac1 Rfd8 20.Qa5 exf3 21.Bxf3 Bxf3 22.Rxf3 Qxa5
23.Nxa5 e4 24.Rc3 Nc5 25.Rc4 Nd5 26.b4 Nxa4 27.Rxe4 Bg5 28.Bh4 Bxh4 29.Rxh4 Ne3
30.Re4 Rxc2 31.h3 Rxc1+ 32.Nxc1 Rd1+ 33.Kh2 Nf1+  0-1

[Event "Vienna op 13th"]
[Site "Vienna"]
[Date "1998.??.??"]
[Round "?"]
[White "Groetz, Harald"]
[Black "Miniboeck, Guenter"]
[Result "0-1"]
[WhiteElo "2205"]
[BlackElo "2360"]

1.e4 c5 2.Nf3 d6 3.d4 cxd4 4.Nxd4 Nf6 5.Nc3 a6 6.Be3 e5 7.Nb3 Be6 8.Qd2 Nbd7
9.f3 b5 10.a4 b4 11.Nd5 Bxd5 12.exd5 Nb6 13.Bxb6 Qxb6 14.a5 Qb7 15.Bc4 Be7
16.O-O-O O-O 17.Rhe1 Rfc8 18.Qe2 Nd7 19.Kb1 Bf6 20.g4 Nc5 21.Nxc5 Rxc5 22.f4 Bh4
23.Rf1 exf4 24.Rxf4 g6 25.Rdf1 Rf8 26.Bxa6 Qa7 27.Bb5 Bg5 28.Rxb4 Qxa5 29.c3 Rxd5
30.Bc4 Re5 31.Qf3 Qc5 32.Bxf7+ Kg7 33.Rb7 Re7 34.h4 Bxh4 35.Rxe7 Bxe7 36.Qf4 Bg5
37.Qc4 Qe5 38.Qb3 Qe4+  0-1

[Event "Vienna op 13th"]
[Site "Vienna"]
[Date "1998.??.??"]
[Round "?"]
[White "Popovic, Petar"]
[Black "Danner, Georg"]
[Result "1-0"]
[WhiteElo "2525"]
[BlackElo "2385"]

1.e4 c5 2.Nf3 d6 3.d4 Nf6 4.Nc3 cxd4 5.Nxd4 a6 6.Be3 e5 7.Nb3 Be6 8.f3 Be7
9.Qd2 h5 10.Nd5 Nxd5 11.exd5 Bf5 12.Be2 Nd7 13.Na5 Qc7 14.c4 Bh4+ 15.g3 Bf6
16.O-O O-O 17.Rac1 b6 18.Nc6 Rfe8 19.b4 a5 20.g4 Bg6 21.g5 Bd8 22.a3 axb4
23.axb4 f5 24.f4 exf4 25.Bxf4 Ne5 26.Nd4 Qd7 27.Ra1 Be7 28.Nb5 Bf8 29.Rxa8 Rxa8
30.c5 dxc5 31.Bxe5 cxb4  1-0

[Event "Villa Ballester op"]
[Site "Villa Ballester"]
[Date "1998.??.??"]
[Round "4"]
[White "Escandell, Juan Carlos"]
[Black "Minzer, Claudio Javier"]
[Result "1/2-1/2"]
[WhiteElo "2265"]
[BlackElo "2380"]

1.e4 c5 2.Nf3 d6 3.d4 cxd4 4.Nxd4 Nf6 5.Nc3 a6 6.Be3 Ng4 7.Bg5 h6 8.Bh4 g5
9.Bg3 Bg7 10.h4 Nc6 11.Nxc6 bxc6 12.hxg5 Qa5 13.Qd2 hxg5 14.Rxh8+ Bxh8 15.Nd1 Qxd2+
16.Kxd2 Rb8 17.f3 Ne5 18.Rb1 a5 19.Nc3 Be6 20.b3 Nc4+  1/2-1/2

[Event "CHI-ch"]
[Site "Vina del Mar"]
[Date "1998.??.??"]
[Round "3"]
[White "Rojas, Luis"]
[Black "Dumas Aviles, Alejandro"]
[Result "1-0"]
[WhiteElo "2455"]
[BlackElo "2220"]

1.e4 c5 2.Nf3 d6 3.d4 cxd4 4.Nxd4 Nf6 5.Nc3 a6 6.Be3 Ng4 7.Bg5 h6 8.Bh4 g5
9.Bg3 Bg7 10.Qd2 Nc6 11.Nb3 Nge5 12.a4 Rb8 13.a5 Ng6 14.f3 Be6 15.Bf2 Bxb3
16.Bb6 Qd7 17.cxb3 Rc8 18.Be3 Nce5 19.Nd5 Rc6 20.Be2 e6 21.Nc3 O-O 22.O-O f5
23.exf5 Rxf5 24.Bd1 Rf8 25.Bc2 Qf7 26.Rae1 Nf4 27.Bb1 Qh5 28.Ne2 Nxe2+ 29.Qxe2 Qh4
30.Be4 d5 31.Bf2 Qh5 32.Bb1 Qf7 33.h4 Bf6 34.hxg5 hxg5 35.Qd2 Qg7 36.Be3 Nf7
37.Re2 d4 38.Bf2 e5 39.Be4 Rc7 40.g4  1-0

[Event "POL-chT2"]
[Site "Wisla"]
[Date "1998.??.??"]
[Round "?"]
[White "Murawski, Grzegorz"]
[Black "Palus, Ryszard"]
[Result "1-0"]
[WhiteElo "2300"]
[BlackElo "2375"]

1.e4 c5 2.Nf3 d6 3.d4 cxd4 4.Nxd4 Nf6 5.Nc3 a6 6.Be3 e6 7.Qd2 b5 8.f3 Bb7
9.g4 Nfd7 10.Qf2 b4 11.Nce2 Nc5 12.O-O-O Nbd7 13.Kb1 Rc8 14.Nc1 Be7 15.h4 Na4
16.Ncb3 Qc7 17.Bd3 Ndc5 18.g5 g6 19.h5 Rg8 20.hxg6 hxg6 21.Qd2 d5 22.Nxc5 Nxc5
23.Nb3 dxe4 24.Bxc5 Bxc5 25.Nxc5 exd3 26.Qxd3 Bxf3 27.Nxe6 fxe6 28.Qxf3 Qxc2+
29.Ka1 Rf8 30.Qb7 Qc6 31.Qxb4 Qc5 32.Qe4  1-0

[Event "EUCup final (Women)"]
[Site "Wuppertal"]
[Date "1998.??.??"]
[Round "1"]
[White "Nikolin, Zorica"]
[Black "Domarkaite, Laima"]
[Result "0-1"]
[WhiteElo "2245"]
[BlackElo "2150"]

1.e4 c5 2.Nf3 d6 3.d4 cxd4 4.Nxd4 Nf6 5.Nc3 a6 6.Be3 e5 7.Nb3 Be6 8.Qd2 Nbd7
9.f3 Be7 10.g4 h6 11.O-O-O b5 12.Nd5 Bxd5 13.exd5 Nb6 14.Na5 Nfxd5 15.Nc6 Qc7
16.Nxe7 Kxe7 17.Bxb6 Nxb6 18.g5 Rac8 19.gxh6 Rxh6 20.Bd3 Kf8 21.Rhg1 Qd8
22.Rg4 Nc4 23.Qe2 Rh4 24.Rxh4 Qxh4 25.Bxc4 Qf4+ 26.Qd2 Qxc4 27.Qxd6+ Kg8
28.Qd3 Qxa2 29.Qa3 Qxa3 30.bxa3 Rc6 31.Kb2 Kh7 32.Rd5 f6 33.Kb3 Kg6 34.a4 bxa4+
35.Kxa4 Rxc2  0-1

[Event "EUCup final (Women)"]
[Site "Wuppertal"]
[Date "1998.??.??"]
[Round "3"]
[White "Zatonskih, Anna"]
[Black "Domarkaite, Laima"]
[Result "1/2-1/2"]
[WhiteElo "2340"]
[BlackElo "2150"]

1.e4 c5 2.Nf3 d6 3.d4 cxd4 4.Nxd4 Nf6 5.Nc3 a6 6.Be3 e5 7.Nb3 Be6 8.Qd2 Nbd7
9.f3 Be7 10.O-O-O b5 11.Kb1  1/2-1/2

[Event "Ardid mem 10th op"]
[Site "Zaragoza"]
[Date "1998.??.??"]
[Round "6"]
[White "Vehi Bach, Victor Manuel"]
[Black "Reinaldo Castineira, Roi"]
[Result "0-1"]
[WhiteElo "2410"]
[BlackElo "2265"]

1.e4 c5 2.Nf3 d6 3.d4 cxd4 4.Nxd4 Nf6 5.Nc3 a6 6.Be3 Ng4 7.Bg5 h6 8.Bh4 g5
9.Bg3 Bg7 10.Bc4 Nc6 11.Nxc6 bxc6 12.h4 Ne5 13.Bb3 g4 14.h5 Qb6 15.Bf4 Nc4
16.Bc1 Qc5 17.Na4 Qa5+ 18.Kf1 Be6 19.Qe2 Qb5 20.Nc3 Qc5 21.Nd1 d5 22.c3 a5
23.Ne3 Ne5 24.exd5 cxd5 25.Ba4+ Kf8 26.Kg1 Rb8 27.Bb3 Rg8 28.Nc2 g3 29.Be3 gxf2+
30.Bxf2 Qd6 31.Nd4 Bg4 32.Qe3 a4 33.Bxa4 Rxb2 34.Bb3 Bd7 35.Bd1 Bh8 36.Rh2 Nc4
37.Qe1 Qf4 38.Nc2 Bf5 39.Ne3 Be5 40.Rh4 Nxe3 41.Rxf4 Rxg2+ 42.Kh1 Bxf4  0-1

[Event "Basel Hilton op"]
[Site "Basel"]
[Date "1999.01.01"]
[Round "1"]
[White "Pikula, Dejan"]
[Black "Schweizer, Robert"]
[Result "1-0"]
[WhiteElo "2430"]
[BlackElo "2070"]

1.e4 c5 2.Nf3 d6 3.d4 cxd4 4.Nxd4 Nf6 5.Nc3 a6 6.Be3 e5 7.Nb3 Be6 8.Qd2 Qc7
9.O-O-O Nbd7 10.f3 Be7 11.g4 h6 12.h4 O-O-O 13.Nd5 Bxd5 14.exd5 Nc5 15.Kb1 Kb8
16.Be2 Nfd7 17.Rc1 f6 18.Na5 Ka8 19.c4 Nb8 20.b4 Ncd7 21.Bd3 b6 22.Nc6 Nxc6
23.dxc6 Nf8 24.Be4 Ka7 25.Qd5 Rb8 26.Rc3 g6 27.Ra3 Qc8 28.b5  1-0

[Event "Basel Hilton op"]
[Site "Basel"]
[Date "1999.01.02"]
[Round "2"]
[White "Arnold, Lothar"]
[Black "Novikov, Igor A"]
[Result "0-1"]
[WhiteElo "2340"]
[BlackElo "2545"]

1.e4 c5 2.Nf3 d6 3.d4 cxd4 4.Nxd4 Nf6 5.Nc3 a6 6.Be3 e6 7.a4 Nc6 8.Be2 Be7
9.O-O O-O 10.f4 Qc7 11.Kh1 Re8 12.Bf3 Na5 13.Qe1 Nc4 14.Bc1 e5 15.Nde2 d5
16.exd5 Bd6 17.fxe5 Bxe5 18.Qh4 Bf5 19.Nd4 Bg6 20.Rd1 Rad8 21.g3 Qc5 22.Kg2 h6
23.Ra2 Nb6 24.Nb3 Qc7 25.a5 Nbxd5 26.Nxd5 Qxc2+ 27.Rd2 Qxb3 28.Ra3 Qb5 29.Ne7+ Kh7
30.Rxd8 Rxd8 31.Nxg6 Bxb2 32.Ra4 Bxc1 33.Rb4 Rd2+ 34.Kg1 Qc5+ 35.Kh1 Qf2
36.Nf8+ Kg8  0-1

[Event "Torneo de Pamplona 9th"]
[Site "Pamplona"]
[Date "1999.01.03"]
[Round "7"]
[White "Xie Jun"]
[Black "Van Wely, Loek"]
[Result "0-1"]
[WhiteElo "2510"]
[BlackElo "2635"]

1.e4 c5 2.Nf3 d6 3.d4 cxd4 4.Nxd4 Nf6 5.Nc3 a6 6.Be3 e5 7.Nf3 Be7 8.Bc4 O-O
9.O-O Be6 10.Qd3 b5 11.Bxe6 fxe6 12.Ng5 Qc8 13.f4 h6 14.Nh3 Nbd7 15.f5 Nc5
16.Bxc5 Qxc5+ 17.Kh1 b4 18.Ne2 exf5 19.Rxf5 Rac8 20.Rc1 Qc4 21.Nf2 Qxd3 22.cxd3 Rxc1+
23.Nxc1 Rc8 24.Nb3 a5 25.Nd1 a4 26.Nd2 Rc2 27.Nf1 Ng4 28.Nfe3 Nxe3 29.Nxe3 Re2
30.Rf3 Bg5  0-1

[Event "Basel Hilton op"]
[Site "Basel"]
[Date "1999.01.04"]
[Round "6"]
[White "Gallagher, Joseph G"]
[Black "Novikov, Igor A"]
[Result "1/2-1/2"]
[WhiteElo "2519"]
[BlackElo "2601"]

1.e4 c5 2.Nf3 d6 3.d4 cxd4 4.Nxd4 Nf6 5.Nc3 a6 6.Be3 e6 7.g4 h6 8.Qe2 Nc6
9.O-O-O Nxd4 10.Bxd4 Qa5 11.Rg1 e5 12.Be3 Be6 13.a3 Rc8 14.Bd2 Qc5 15.h4 g6
16.Rg3 h5 17.g5 Nd7 18.Be3 Qa5 19.Nd5 Qa4 20.f3 Be7 21.Kb1 Bxd5 22.Rxd5 O-O
23.Bh3 Rc7 24.Rg2 Re8 25.Qd3 Nf8 26.f4 exf4 27.Bxf4 Qc4 28.Rd4 Qxd3 29.cxd3  1/2-1/2

[Event "Hamburg IM"]
[Site "Hamburg"]
[Date "1999.01.13"]
[Round "2"]
[White "Klovans, Janis"]
[Black "Bekker Jensen, David"]
[Result "1-0"]
[WhiteElo "2465"]
[BlackElo "2255"]

1.e4 c5 2.Nf3 d6 3.d4 Nf6 4.Nc3 cxd4 5.Nxd4 a6 6.Be3 e5 7.Nb3 Be6 8.f3 h5
9.Qd2 Nbd7 10.O-O-O Rc8 11.Kb1 Be7 12.f4 b5 13.f5 Bc4 14.Bxc4 Rxc4 15.Qd3 O-O
16.Nd2 Rc8 17.h3 b4 18.Nd5 Nxd5 19.exd5 Bg5 20.Bxg5 Qxg5 21.Ne4 Qxf5 22.g4 Qh7
23.Nxd6 Qxd3 24.Rxd3 Rcd8 25.Nf5 Kh7 26.gxh5 Nf6 27.d6 Nxh5 28.Ne7 Rd7 29.Nc6 e4
30.Rd4 f5 31.Ne5 Rb7 32.Rhd1 Nf6 33.Nc6 Nd7 34.Nxb4 g5 35.Nd5 Re8 36.Rc4 Re6
37.Rc7 Rxc7 38.dxc7 Rc6 39.b4 Kg7 40.a4 Nf6 41.b5 axb5 42.axb5 Rc4 43.Nxf6  1-0

[Event "Tapolca op"]
[Site "Budapest"]
[Date "1999.01.14"]
[Round "7"]
[White "Nguyen Anh Dung"]
[Black "Krutti, Valer"]
[Result "1-0"]
[WhiteElo "2495"]
[BlackElo "2360"]

1.e4 c5 2.Nf3 d6 3.d4 cxd4 4.Nxd4 Nf6 5.Nc3 a6 6.Be3 Ng4 7.Bg5 h6 8.Bh4 g5
9.Bg3 Bg7 10.Be2 Ne5 11.O-O Nbc6 12.Nf5 Bxf5 13.exf5 Nd4 14.Bd3 Nxd3 15.Qxd3 Qa5
16.Rae1 Rd8 17.Re4 Nc6 18.Nd5 Be5 19.a4 Kf8 20.f4 gxf4 21.Be1  1-0

[Event "Excelsior Cup"]
[Site "Goteborg"]
[Date "1999.01.14"]
[Round "8"]
[White "Rytshagov, Mikhail"]
[Black "Astrom, Robert"]
[Result "1-0"]
[WhiteElo "2533"]
[BlackElo "2462"]

1.e4 c5 2.Nf3 d6 3.d4 cxd4 4.Nxd4 Nf6 5.Nc3 a6 6.Be3 e5 7.Nb3 Be6 8.Qd2 Nbd7
9.f3 h5 10.Be2 Be7 11.O-O O-O 12.Rfd1 Qc7 13.a4 Nb6 14.a5 Nc4 15.Bxc4 Qxc4
16.Na4 Rad8 17.Nb6 Qb5 18.Qd3 Qxd3 19.Rxd3 d5 20.Bc5 dxe4 21.fxe4 Rxd3 22.cxd3 Re8
23.Bxe7 Rxe7 24.Nc5 Rc7 25.b4 Kf8 26.h3 Nd7 27.Nxe6+ fxe6 28.Nc4 g5 29.Kf2 Ke7
30.Ke3 Rc8 31.Rb1 Rc6 32.b5 Rc7 33.Kd2 Kf6 34.Nd6 Ke7 35.b6 Rc6 36.Nxb7 Rc8
37.Rc1 Rxc1 38.Kxc1 Nb8 39.g4 hxg4 40.hxg4 Kd7 41.Kc2 Kc6 42.Nd8+ Kb5 43.Nxe6 Kxa5
44.b7 Kb6 45.Nxg5 Kxb7 46.Nf7 Nc6 47.g5 Kc7 48.g6 Nd4+ 49.Kc3 Ne6 50.Nxe5 Kd6
51.d4 Ke7 52.d5 Ng5 53.Kd4 Kf6 54.d6 a5 55.Kd5  1-0

[Event "BL2-Mitte 9900 (Women)"]
[Site "Germany"]
[Date "1999.01.17"]
[Round "4"]
[White "Grabarska, Barbara"]
[Black "Krupkova, Petra"]
[Result "1/2-1/2"]
[WhiteElo "2202"]
[BlackElo "2362"]

1.e4 c5 2.Nf3 d6 3.d4 cxd4 4.Nxd4 Nf6 5.Nc3 a6 6.Be3 e6 7.f3 Be7 8.Qd2 O-O
9.O-O-O Nc6 10.g4 Nxd4 11.Bxd4 b5 12.Bd3 Nd7 13.h4 b4 14.Ne2 a5 15.g5 Ne5
16.Rdf1 Nxd3+ 17.cxd3 e5 18.Be3 Be6 19.Kb1 d5 20.d4 dxe4 21.fxe4 exd4 22.Nxd4 Qd7
23.Nf5 Rfd8 24.Qxd7 Rxd7 25.Rd1 Bf8 26.Rxd7 Bxd7 27.Rc1 Re8 28.Ng3 Bd6 29.Bf2 Bxg3
30.Bxg3 Rxe4 31.Rc5 a4 32.Ra5 Be8 33.Re5 Rxe5 34.Bxe5 b3 35.axb3 axb3 36.Kc1 h6
37.gxh6 gxh6 38.Kd2 Bd7 39.Ke3 Kh7 40.Kf4 Kg6 41.Bc3 Kh5 42.Bf6 Be6  1/2-1/2

[Event "NRW-Liga I 9899"]
[Site "GER"]
[Date "1999.01.20"]
[Round "5"]
[White "Wessels, Marco"]
[Black "Scholz, Christian"]
[Result "0-1"]
[WhiteElo "2270"]
[BlackElo "2275"]

1.e4 c5 2.Nf3 d6 3.d4 cxd4 4.Nxd4 Nf6 5.Nc3 a6 6.Be3 e5 7.Nb3 Be6 8.f3 Be7
9.Qd2 O-O 10.O-O-O Qc7 11.Kb1 d5 12.exd5 Nxd5 13.Nxd5 Bxd5 14.Qf2 Bxb3 15.axb3 Nd7
16.g3 Rfd8 17.Bh3 a5 18.Rd5 a4 19.Rhd1 axb3 20.cxb3 Nf6 21.Rxd8+ Bxd8 22.Qd2 Qa5
23.Qxa5 Bxa5 24.Bc5 e4 25.b4 Bc7 26.fxe4 b6 27.Bd6 Rd8 28.e5 Ne8 29.Rc1 Bxd6
30.exd6 Rxd6 31.b5 g6 32.Bg2 Kf8 33.Rc8 Ke7 34.Bc6 Rd8 35.Rxd8 Kxd8 36.Kc2 Nc7
37.Kd3 Ke7 38.Ke4 Kd6 39.b4 f5+ 40.Kd4 g5 41.g4 Ne6+ 42.Ke3 fxg4 43.Ke4 Ng7
44.Bd5 g3 45.hxg3 Nh5 46.Ba2 Nxg3+ 47.Kf3 Nf1 48.Kg4 h6 49.Kf5 Ne3+ 50.Ke4 Nc2
51.Bc4 Nxb4 52.Kf5 Nc2  0-1

[Event "Geneve op"]
[Site "Geneve"]
[Date "1999.01.25"]
[Round "3"]
[White "Bucher, Denis"]
[Black "Cesareo, Fabio"]
[Result "1/2-1/2"]
[WhiteElo "2249"]
[BlackElo "2124"]

1.e4 c5 2.Nf3 d6 3.d4 cxd4 4.Nxd4 Nf6 5.Nc3 a6 6.Be3 e5 7.Nb3 Be7 8.f3 Be6
9.Qd2 Qc7 10.g4 Nbd7 11.g5 Nh5 12.Nd5 Bxd5 13.exd5 O-O 14.O-O-O Rac8 15.Qf2  1/2-1/2

[Event "Ubeda op"]
[Site "Ubeda"]
[Date "1999.01.28"]
[Round "9"]
[White "Ramesh, RB."]
[Black "Minasian, Artashes"]
[Result "1-0"]
[WhiteElo "2365"]
[BlackElo "2620"]

1.e4 c5 2.Nf3 d6 3.d4 cxd4 4.Nxd4 Nf6 5.Nc3 a6 6.Be3 Ng4 7.Bg5 h6 8.Bh4 g5
9.Bg3 Bg7 10.Be2 h5 11.Bxg4 hxg4 12.O-O Qb6 13.Nf5 Bxf5 14.Nd5 Qc6 15.exf5 Nd7
16.Re1 Ne5 17.Re3 Rd8 18.Rc3 Qd7 19.Rc7 Qxf5 20.Rxe7+ Kf8 21.Rxb7 Nc4 22.Qe2 Ne5
23.Rd1 Rh6 24.Ne3 Qe6 25.Bxe5 Qxe5 26.g3 Qe4 27.Rb3 f5 28.Qd3 Qxd3 29.Rdxd3 Re8
30.Nxf5 Rf6 31.Ne3 Re4 32.Rb6 d5 33.Rb8+ Kf7 34.Rxd5  1-0

[Event "Geneve op"]
[Site "Geneve"]
[Date "1999.01.29"]
[Round "7"]
[White "Bucher, Denis"]
[Black "Olivier, Jean Christophe"]
[Result "0-1"]
[WhiteElo "2249"]
[BlackElo "2417"]

1.e4 c5 2.Nf3 d6 3.d4 cxd4 4.Nxd4 Nf6 5.Nc3 a6 6.Be3 e5 7.Nb3 Be6 8.Qd2 Be7
9.f3 O-O 10.O-O-O Nbd7 11.g4 b5 12.Kb1 Nb6 13.Qf2 Na4 14.Nd5 Nxd5 15.exd5 Bd7
16.Bd3 Bg5 17.f4 exf4 18.Bxf4 Qf6 19.Rdf1 Qxb2+  0-1

[Event "Sydney Challenge schev"]
[Site "Sydney"]
[Date "1999.01.29"]
[Round "7"]
[White "Kalod, Radek"]
[Black "Feldman, Vladimir"]
[Result "1-0"]
[WhiteElo "2453"]
[BlackElo "2330"]

1.e4 c5 2.Nf3 d6 3.d4 cxd4 4.Nxd4 Nf6 5.Nc3 a6 6.Be3 e5 7.Nb3 Be6 8.f3 Nbd7
9.Qd2 b5 10.a4 b4 11.Nd5 Bxd5 12.exd5 Nb6 13.Bxb6 Qxb6 14.a5 Qb7 15.Bc4 Be7
16.Ra4 Rb8 17.Nc1 Bd8 18.b3 Nd7 19.Nd3 O-O 20.Kd1 Qc8 21.Rxb4 Ra8 22.Ra4 Nc5
23.Nxc5 Qxc5 24.Re1 h6 25.Qe3 Qc8 26.Qf2 g6 27.Ke2 Bc7 28.Kf1 Qd8 29.Qd2 Kg7
30.g3 Qc8 31.Kg2 Bb8 32.Bf1 Qd7 33.Rc4 Rc8 34.Ree4 Ba7 35.Rxc8 Qxc8 36.Rc4 Qb7
37.Rc6 Bc5 38.Bc4 e4 39.fxe4 Qe7 40.Qf4 Re8 41.Bd3 Qb7 42.e5 Rxe5 43.Rxc5 g5
44.Qd4  1-0

[Event "Yangon schev"]
[Site "Yangon"]
[Date "1999.01.31"]
[Round "1"]
[White "Zaw Oo"]
[Black "Mas, Hafizulhelmi"]
[Result "1-0"]
[WhiteElo "2440"]
[BlackElo "2401"]

1.e4 c5 2.Nf3 d6 3.d4 cxd4 4.Nxd4 Nf6 5.Nc3 a6 6.Be3 Ng4 7.Bg5 h6 8.Bh4 g5
9.Bg3 Bg7 10.Be2 h5 11.Bxg4 Bxg4 12.f3 Bd7 13.Bf2 e6 14.Qd2 Be5 15.g3 Qf6
16.Nce2 Bxd4 17.Bxd4 e5 18.Be3 Qxf3 19.O-O-O Bh3 20.Bxg5 f6 21.Qxd6 Nc6 22.Qxf6 Qxf6
23.Bxf6 Rf8 24.Rd6 Rc8 25.Nc3 Kf7 26.Bg5 Rfe8 27.Rhd1 Kg7 28.Be3 Rcd8 29.Rxd8 Nxd8
30.Rd2 Nc6 31.Nd5 Rf8 32.Rf2 Rxf2 33.Bxf2 Bg2 34.Nc3 Kf6 35.Be3 Nd8 36.Kd2 Nf7
37.Bc5 Kg5 38.Ke3 Kg4 39.Nd5 Kh3 40.Nf6 Kxh2 41.Nxh5 Kh3 42.Be7 Nh6 43.Nf6 Kxg3
44.Bd6 Ng4+ 45.Nxg4 Kxg4 46.Bxe5 Kg5 47.Kd4 Kg6 48.c4 Kf7 49.Kd5 Ke7 50.b4 Kd7
51.a4 Bf1 52.a5 Be2 53.Bb8 Bf3 54.b5 axb5 55.cxb5 Kc8 56.Ba7 Be2 57.Kc5 Kc7
58.Kb4 Kd7 59.Bb8 Kc8 60.Bd6 Bf3 61.e5 Bg4 62.Kc5 Be6 63.Kb6 Bc4 64.Ba3 Bg8
65.Ka7 Bd5 66.a6 bxa6 67.b6 Kd7 68.b7 Bxb7 69.Kxb7 Ke6 70.Bb2  1-0

[Event "HUN-ch (Women)"]
[Site "Lillafured"]
[Date "1999.02.01"]
[Round "1"]
[White "Medvegy, Nora"]
[Black "Csoke, Adrienn"]
[Result "1/2-1/2"]
[WhiteElo "2294"]
[BlackElo "2184"]

1.e4 c5 2.Nf3 d6 3.d4 cxd4 4.Nxd4 Nf6 5.Nc3 a6 6.Be3 e5 7.Nb3 Be6 8.Qd2 Nbd7
9.f3 Be7 10.g4 h6 11.O-O-O b5 12.h4 b4 13.Nd5 Bxd5 14.exd5 Nb6 15.Bxb6 Qxb6
16.Kb1 a5 17.Qd3 Nd7 18.Nd2 O-O 19.Qf5 Nc5 20.h5 Bg5 21.Bd3 Nxd3 22.Qxd3 Bxd2  1/2-1/2